000 00704pam a2200217 a 4500
001 2108557
005 20241129185400.0
008 960905s1997 njua 001 0 eng
020 _a0135334985
050 0 0 _aQD31.2
_b.P48 1997
082 0 0 _a540
_220
100 1 _aPetrucci, Ralph H.
245 1 0 _aGeneral chemistry :
_bprinciples and modern applications.
_cRalph H. Petrucci & William S. Harwood
250 _a7th ed. /
_bRalph H. Petrucci, William S. Harwood.
260 _aUpper Saddle River, N.J. :
_bPrentice Hall,
_c1997.
300 _axxvi, 989 p. :
_bcol. ill. ;
_c26 cm.
500 _aIncludes index.
650 0 _aChemistry.
700 1 _aHarwood, William S.
942 _2lcc
_cBK
_e7th ed.
_n0
999 _c1786
_d1786